OMBRE E NEBBIA (Record n. 107484)
[ formato base ]
| 000 -LEADER | |
|---|---|
| fixed length control field | 01903agaaa2200325 4500 |
| 001 - CONTROL NUMBER | |
| control field | 2222 |
| 003 - CONTROL NUMBER IDENTIFIER | |
| control field | IT-RoPAU |
| 005 - DATE AND TIME OF LATEST TRANSACTION | |
| control field | 20220918181258.0 |
| 007 - PHYSICAL DESCRIPTION FIXED FIELD--GENERAL INFORMATION | |
| fixed length control field | d cvaizq |
| 008 - FIXED-LENGTH DATA ELEMENTS--GENERAL INFORMATION | |
| fixed length control field | 50131s9999||||xx ||| | || ||und|| |
| 040 ## - CATALOGING SOURCE | |
| Original cataloging agency | IT-RoPAU |
| Transcribing agency | IT-RoPAU |
| 041 ## - LANGUAGE CODE | |
| Language code of text/sound track or separate title | ITALIANO |
| 100 ## - MAIN ENTRY--PERSONAL NAME | |
| Personal name | Allen Woody |
| Miscellaneous information | Codice regista SPICS: 9980 |
| 9 (RLIN) | 52281 |
| 130 ## - MAIN ENTRY--UNIFORM TITLE | |
| Uniform title | OMBRE E NEBBIA |
| 9 (RLIN) | 52282 |
| 240 ## - UNIFORM TITLE | |
| Uniform title | SHADOW AND FOG |
| Miscellaneous information | T2755 |
| 245 ## - TITLE STATEMENT | |
| Title | OMBRE E NEBBIA |
| Statement of responsibility, etc. | Prodotto da: Greenhut Robert -- Sceneggiatura: Allen Woody -- Diretto da: Allen Woody |
| Name of part/section of a work | OMBRE E NEBBIA (Rif. Codice opera principale : C2222) |
| 246 ## - VARYING FORM OF TITLE | |
| Title proper/short title | SHADOW AND FOG |
| 250 ## - EDITION STATEMENT | |
| Edition statement | Edizione Standard |
| 260 ## - PUBLICATION, DISTRIBUTION, ETC. (IMPRINT) | |
| Place of publication, distribution, etc. | (USA) |
| Name of publisher, distributor, etc. | ORION PICTURES / Distribuzione: COLUMBIA TRISTAR |
| Date of manufacture | "1991 (1° ed.: 1994 ; Ed. Lingua Orig.: 1991)" |
| 300 ## - PHYSICAL DESCRIPTION | |
| Extent | VHS |
| Other physical details | sonoro, col. |
| Dimensions | 104 minuti |
| 508 ## - CREATION/PRODUCTION CREDITS NOTE | |
| Creation/production credits note | "Fotografia: Di Palma Carlo; Montaggio: Morse Susan E.; Sceneggiatura: Allen Woody; " |
| 511 ## - PARTICIPANT OR PERFORMER NOTE | |
| Participant or performer note | "Allen Woody; Bates Kathy; Cusack John; Farrow Mia; Foster Jodie; Madonna " |
| 520 ## - SUMMARY, ETC. | |
| Summary, etc. | GERMANIA ANNI '20. UN MISTERIOSO STRANGOLATORE SEMINA IL TERRORE IN UNA PICCOLA CITTADINA DI PROVINCIA. GLI ABITANTI ESASPERATI ORGANIZZANO UNA SPIETATA CACCCIA ALL'UOMO SOSPETTANDOSI A VICENDA. TRA GLI INDIZIATI ANCHE IL MITE E PAVIDO IMPIEGATO KLEINMANN. NEL FRATTEMPO IN CITTA' HA PIANTATO LE TENDE UN CIRCO. KLEINMANN OSSESSIONATO DAL PENSIERO DI ESSERE ADDITATO COME COLPEVOLE SI RIFUGIA TRA LE BRACCIA DELLA DOLCE MANGIATRICE DI SPADE IRMY. MAL'ASSASSINO E' IN AGGUATO. L'UOMO SI SALVERA' DAL MOSTRO E DAI SOSPETTI GRAZIE ALLE ILLUSIONI DI UN MAGO DEL CIRCO. FILM IN BIANCO E NERO. |
| 538 ## - SYSTEM DETAILS NOTE | |
| System details note | PAL, STEREO |
| 546 ## - LANGUAGE NOTE | |
| Language note | ITALIANO |
| 650 ## - SUBJECT ADDED ENTRY--TOPICAL TERM | |
| Topical term or geographic name as entry element | DRAMMATICO |
| Relator term | FILMS [VHS] |
| General subdivision | Codice MATERIA SPICS: 9960 |
| 9 (RLIN) | 34083 |
| 700 ## - ADDED ENTRY--PERSONAL NAME | |
| Personal name | Allen Woody |
| Relator term | (regista) |
| Miscellaneous information | Codice regista SPICS: 9980 |
| 9 (RLIN) | 52283 |
| 700 ## - ADDED ENTRY--PERSONAL NAME | |
| Personal name | Allen Woody |
| Relator term | (soggetto) |
| Miscellaneous information | Codice Soggetto SPICS: 9980 |
| 9 (RLIN) | 52284 |
| 942 ## - ADDED ENTRY ELEMENTS (KOHA) | |
| Koha item type | VHS - VIDEO |
| Source of classification or shelving scheme | Dewey Decimal Classification |
| Withdrawn status | Lost status | Damaged status | Not for loan | Home library | Current library | Date acquired | Total Checkouts | Full call number | Date last seen | Price effective from | Koha item type | Public note |
|---|---|---|---|---|---|---|---|---|---|---|---|---|
| Buone Condizioni | Not For Loan | SPICS-MEDIATECA | SPICS-MEDIATECA | 31/01/2015 | C2222 | 31/01/2015 | 31/01/2015 | VHS - VIDEO | Progr. Ins.: 336 / N.Vol.:1 / Copie: 1 / Pag.:0 / Copia rara: n.d. / date import: 1.2.2015 / By Epidotti, Trombetti, Vaglietti |